Romanian journal of European affairs

Bibliographic Details
Format: Serial
Language:English
Published: Bucarest : European Institute of Romania.
Online Access:Acceso restringido

MARC

LEADER 00000nas a2200000 4500
005 20110719104835.0
008 101020c199u9999rm aa0engdd
022 |a 1841-4273 
035 |a 5206 
040 |a BUS  |d vLex 
090 |c 2232  |d 2232 
245 0 0 |a Romanian journal of European affairs  |h [Recurso electrn̤ico] 
256 |a Servicio en ln̕ea. 
260 |a Bucarest :  |b European Institute of Romania. 
506 1 |a Contenido solo disponible en los productos indicados  |d vLex Global  |d vLex Global (Academic Edition, excluding Law Schools)  |d vLex Global (U.S. Academic Edition, excluding Law Schools) 
740 0 |a vLex Revistas (Servicio en ln̕ea) 
856 4 0 |u http://vlex.com/source/romanian-journal-european-affairs-5206  |z Acceso restringido 
942 |c REV 
999 0 |a Political science